MARC-Details
| 000 -Satzkennung |
| Kontrollfeld mit fester Länge |
01491nam a22003133u 4500 |
| 001 - Kontrollnummer |
| Kontrollfeld |
drd-45923095 |
| 003 - Kontrollnummer Identifier |
| Kontrollfeld |
Dreier |
| 005 - Datum und Zeit der letzten Transaktion |
| Kontrollfeld |
20220131143311.0 |
| 007 - Feld mit fester Länge zur physischen Beschreibung - Allgemeine Information |
| Kontrollfeld mit fester Länge |
tu |
| 008 - Feld mit fester Länge zur physischen Beschreibung - Allgemeine Angaben |
| Kontrollfeld mit fester Länge |
210831b2021 |||||||| |||| 00| 0 eng d |
| 020 ## - Internationale Standardbuchnummer |
| Internationale Standardbuchnummer |
9781644694930 |
| Verknüpfung |
978-1-64469-493-0 |
| 040 ## - Katalogisierungsquelle |
| Original-Katalogisierungsstelle |
RU-10907106 |
| Katalogisierungssprache |
ger |
| Übertragungsstelle |
RU-10907106 |
| 041 ## - Sprachcode |
| Sprachcode des Textes/der Tonspur oder des separaten Titels |
eng |
| 245 10 - Titel |
| Titel |
Jewish partisans of the Soviet Union during World War II |
| 264 ## - Produktion, Veröffentlichung, Distribution, Herstellung und Urheberrechtsvermerk |
| Herstellungs-, Veröffentlichungs- Vertriebs-, Erzeugungsort |
Brighton |
| Produzent, Herausgeber, Distributor, Hersteller |
Academic Studies Press |
| Datum der Herstellung, der Veröffentlichung, des Vertriebs oder des Urheberschutzvermerks |
2021 |
| 300 ## - Physische Beschreibung |
| Umfang |
658 Seiten |
| 336 ## - Inhaltstyp |
| Quelle |
rdacontent |
| Inhaltstypterm |
Text |
| Inhaltstypcode |
txt |
| 337 ## - Medientyp |
| Quelle |
rdamedia |
| Bezeichnung des Medientyps |
Ohne Hilfsmittel zu benutzen |
| Medientypcode |
n |
| 338 ## - Datenträgertyp |
| Quelle |
rdacarrier |
| Datenträgertypbezeichnung |
Band |
| Datenträgertypcode |
nc |
| 520 ## - Fußnote zu Zusammenfassungen usw. |
| Fußnote zur Zusammenfassung usw. |
Jewish Partisans of the Soviet Union during World War II compiled by Jack Nusan Porter with the assistance of Yehuda Merin, is a classic compilation of original Russian and Jewish sources on the anti-Nazi resistance in Eastern Europe. After thirty years, Dr. Porter has compressed two volumes into one, added a new preface, an updated bibliography and filmography, over 100 new photos plus 12 new maps. This new volume is essential for scholars, teachers, and students of the Shoah, Russian history, and World War II. |
| 650 #7 - Nebeneintragung unter einem Schlagwort - Sachschlagwort |
| Sachschlagwort oder geografischer Name als Eintragungselement |
Weltkrieg <1939-1945> |
| Koha-Normdatenidentnummer |
385 |
| Quelle der Ansetzung oder des Terms |
gnd |
| 650 #7 - Nebeneintragung unter einem Schlagwort - Sachschlagwort |
| Sachschlagwort oder geografischer Name als Eintragungselement |
Partisan |
| Quelle der Ansetzung oder des Terms |
gnd |
| Koha-Normdatenidentnummer |
1712 |
| 650 #7 - Nebeneintragung unter einem Schlagwort - Sachschlagwort |
| Sachschlagwort oder geografischer Name als Eintragungselement |
Juden |
| Quelle der Ansetzung oder des Terms |
gnd |
| Koha-Normdatenidentnummer |
807 |
| 650 #7 - Nebeneintragung unter einem Schlagwort - Sachschlagwort |
| Sachschlagwort oder geografischer Name als Eintragungselement |
Nationalsozialismus / Widerstand |
| Quelle der Ansetzung oder des Terms |
gnd |
| Koha-Normdatenidentnummer |
1713 |
| 651 #7 - Nebeneintragung unter einem Schlagwort - Geografischer Name |
| Quelle der Ansetzung oder des Terms |
gnd |
| Geografischer Name |
Sowjetunion |
| Koha-Normdatenidentnummer |
127 |
| 655 #7 - Indexierungsterm - Genre/Form |
| Quelle der Ansetzung oder des Terms |
gnd |
| Genre/Form oder fokussierter Term |
Quelle |
| Koha-Normdatenidentnummer |
216 |
| 700 1# - Nebeneintragung - Personenname |
| Personenname |
Porter, Jack Nusan |
| Funktionsbezeichnungscode |
edt |
| Funktionsbezeichnung |
Editor |
| Koha-Normdatenidentnummer |
1710 |
| 942 ## - Zusätzliche Felder (Koha) |
| Klassifikation oder Aufstellungssystematik |
Andere/Generische Klassifikation |
| Koha-Medientyp |
Monographien |